Săn sóc bệnh nhân mổ vùng bụng : les suites normales et compliquees de la chirurgie abdominale
Đã lưu trong:
| Príomhúdar: | |
|---|---|
| Formáid: | Leabhar |
| Teanga: | Undetermined |
| Foilsithe: |
Tp. HCM
Trường Đại học Y Dược Tp. HCM
1974
|
| Ábhair: | |
| Clibeanna: |
Cuir Clib Leis
Gan Chlibeanna, Bí ar an gcéad duine leis an taifead seo a chlibeáil!
|
| Thư viện lưu trữ: | Trung tâm Học liệu Trường Đại học Cần Thơ |
|---|
| LEADER | 00619nam a2200181Ia 4500 | ||
|---|---|---|---|
| 001 | CTU_7198 | ||
| 008 | 210402s9999 xx 000 0 und d | ||
| 082 | |a 610.736776 | ||
| 082 | |b D483/ T2 | ||
| 100 | |a Phillippe Détrie | ||
| 245 | 0 | |a Săn sóc bệnh nhân mổ vùng bụng | |
| 245 | 0 | |b : les suites normales et compliquees de la chirurgie abdominale | |
| 245 | 0 | |c Phillippe Détrie, Nguyễn Đình Hối | |
| 260 | |a Tp. HCM | ||
| 260 | |b Trường Đại học Y Dược Tp. HCM | ||
| 260 | |c 1974 | ||
| 650 | |a surgical nursing | ||
| 980 | |a Trung tâm Học liệu Trường Đại học Cần Thơ | ||